Marvel SNAP: Destruction - Statistics

General Stats
  • This quiz has been taken 47 times
  • The average score is 14 of 17
Answer Stats
Cost Power Ability Answer % Correct
2 2 On Reveal: Destroy your other cards here. +2 Power for each destroyed. Carnage
97%
1 1 On Reveal: Destroy a random enemy 1-Cost card at this location. Elektra
94%
1 2 On Reveal: Destroy the top card of your opponent's deck. Yondu
91%
6 15 On Reveal: Destroy your other cards. Destroyer
89%
3 3 On Reveal: Discard a card from your hand. Destroy a random enemy card. Gambit
89%
3 3 On Reveal: Destroy ALL 1-Cost cards. Killmonger
89%
3 3 On Reveal: Destroy your other cards at this location. Add their Power to his card. Venom
89%
3 5 On Reveal: Destroy your other cards at this location. Deathlok
86%
6 5 On Reveal: If you're winning this location and this is your only card here, destroy all other locations. Galactus
86%
4 3 On Reveal: Destroy all enemy cards at this location that have 9 or more power. Shang-Chi
86%
6 0 On Reveal: Destroy a random friendly card here. Add copies of it to the other locations. Arnim Zola
83%
4 6 The first time this moves to any location, destroy an enemy card there. Spider-Man 2099
80%
5 4 On Reveal: Destroy each card here with less power than this. Lady Deathstrike
77%
4 10 After each turn, destroy this if you have another card here. Attuma
74%
3 2 After an enemy card is played here, destroy it. (once per game) Negasonic Teenage Warhead
74%
6 3 On Reveal: Destroy ALL enemy cards played here this turn. (including unrevealed cards) Alioth
66%
3 4 When a card moves here on turn 6, destroy it. Kingpin
66%
No matching quizzes found
Score Distribution
Percent of People with Each Score
Percentile by Number Answered
Your Score History
You have not taken this quiz